Biggest Cities Beginning With 'U' - Statistics

General Stats
  • This quiz has been taken 48 times
  • The average score is 6 of 44
Answer Stats
Population Country City % Correct
844,818 Mongolia Ulaanbaatar
93%
2,853,398 China Ürümqi
76%
1,121,429 Russia Ufa
72%
290,529 Netherlands Utrecht
65%
1,136,017 South Korea Ulsan
54%
149,245 Sweden Uppsala
37%
120,451 Germany Ulm
30%
640,680 Russia Ulyanovsk
26%
173,733 Japan Ube
24%
699,097 Brazil Uberlândia
20%
422,784 India Udaipur
13%
247,231 Thailand Udon Thani
13%
116,797 Brazil Ubá
11%
457,346 India Ujjain
11%
360,278 Russia Ulan-Ude
11%
242,924 South Africa Uitenhage
7%
192,925 Japan Uji
7%
449,865 Japan Utsunomiya
7%
337,092 Brazil Uberaba
4%
122,533 Thailand Ubon Ratchathani
4%
165,000 India Udupi
4%
152,862 Turkey Uşak
4%
235,136 DR Congo Uvira
4%
117,878 Ukraine Uzhgorod
4%
461,710 South Korea Uijeongbu
2%
516,584 India Ulhasnagar
2%
107,620 Iraq Umm Qaşr
2%
143,758 Japan Urayasu
2%
150,110 Uzbekistan Urganch
2%
319,067 Kazakhstan Ust-Kamenogorsk
2%
101,064 India Udgīr
0%
126,606 Japan Ueda
0%
134,773 Nigeria Ugep
0%
322,531 Angola Uíge
0%
102,187 Russia Ukhta
0%
165,846 China Ulanhot
0%
147,167 Nigeria Umuahia
0%
112,500 Brazil Umuarama
0%
127,812 Indonesia Ungaran
0%
161,671 India Unnāo
0%
101,037 Philippines Urdaneta
0%
126,866 Brazil Uruguaiana
0%
157,068 Russia Ussuriysk
0%
100,271 Russia Ust-Ilimsk
0%
No matching quizzes found
Score Distribution
Percent of People with Each Score
Percentile by Number Answered
Your Score History
You have not taken this quiz